Medzinárodné otázky revue pre medzinárodnú politiku, právo, hospodárstvo a kultúru

Na minha lista:
Detalhes bibliográficos
Formato: Periódico
Idioma:eslovaco
Publicado em: Bratislava Slovak Academic Press 1994
Assuntos:
Tags: Adicionar Tag
Sem tags, seja o primeiro a adicionar uma tag!

MARC

LEADER 00000nas2a2200000 4500
001 s018024
005 20240109100238.1
022 |a 1210-1583 
041 0 |a slo 
044 |a SK 
245 1 0 |a Medzinárodné otázky  |b revue pre medzinárodnú politiku, právo, hospodárstvo a kultúru 
264 1 |a Bratislava  |b Slovak Academic Press  |c 1994 
300 |a 1 zv. 
773 0 |w eu_un_cat*s120057 
610 2 0 |a politika medzinárodná 
610 2 0 |a právo 
610 2 0 |a hospodárstvo národné 
610 2 0 |a kultúra